| 000 | 00855cab a22001815a 4500 | ||
|---|---|---|---|
| 001 | L144823 | ||
| 008 | 080812s2008 xxkod f 000 0 eng d | ||
| 035 | _a(Sirsi) u144823 | ||
| 041 | 0 | _aeng | |
| 100 | 1 | _aKrawecki, Andrzej | |
| 245 | 0 | 0 | _aWarm-up session |
| 260 | _c2008 | ||
| 490 |
_aBuilding Services Journal _vJune 2008, 57-60(4) |
||
| 520 | _aArticle discusses what is the most efficient method to heat the large spaces of sports halls, often over extended periods and for greatly differing uses. Refers to guidance on temperature; ventilation; noise and lighting and includes some of the equations for calculating these aspects of the design. Various heating systems are covered in brief, including fan convectors; underfloor heating and others. | ||
| 651 | 4 |
_aUnited Kingdom _y |
|
| 690 | _aBUILT ENVIRONMENT-CONSTRUCTION DESIGN | ||
| 942 | _n0 | ||
| 999 |
_c80604 _d80604 |
||